00499 2200193 4500001002100000005001500021008004100036020001800077035001900095041000700114082000800121090001400129100001200143245005900155250001000214260002500224300003200249650002400281INLIS00000000001432720241224114725241224||||||||| | ||| |||| || |  a979-9392-01-2 0010-1224014327 aid0 a2x0 a2x0 JAE p0 ajaelani00apenyucian jiwa (tazkiyat al-nafs) dan kesehatan mental aCET.2 aJakartabAmzahc2001 a153 hlm,; 12,5 cm x 18,5 cm 0aPsikologi Kesehatan